| 000 | 01124nam a22002777a 4500 | ||
|---|---|---|---|
| 999 |
_c14312 _d14312 |
||
| 003 | EG-ScBUE | ||
| 005 | 20210220092258.0 | ||
| 008 | 100701s2005 fr f b 000 0 ara d | ||
| 040 |
_aEG-ScBUE _bara _erda _cEG-ScBUE _dEG-ScBUE |
||
| 082 | 0 | 4 |
_a892.708 _bع د و _222 |
| 100 | 1 |
_915567 _aالعدوي، محمد مصطفى، _eمؤلف. |
|
| 245 | 1 | 0 |
_aبستان الراغبين وبغية العاجزين عن الرهز للكاف والسين / _bوضعه سنة 1322 هـ محمد مصطفى العدوي ؛ حققه وقدم له د. لويس صليبا. |
| 260 |
_b, _cس.2005. |
||
| 264 | 1 |
_aباريس : _bدار بيبليون، _c2005. |
|
| 300 |
_a211 صفحة ؛ _c20 سم |
||
| 336 |
_2rdacontent _aنص _btxt |
||
| 337 |
_2rdamedia _aبدون وسيط _bn |
||
| 338 |
_2rdacarrier _aمجلد _bnc |
||
| 504 | _aيشتمل على إرجاعات ببليوجرافية. | ||
| 650 | 7 |
_915581 _aالجنس في الأدب العربي _2BUEsh |
|
| 651 | _2BUEsh | ||
| 653 |
_bARALIT _cFebruary2021 |
||
| 655 |
_vReading book _934232 |
||
| 700 | 1 |
_aصليبا، لويس، _eمحقق. _916420 |
|
| 942 |
_2ddc _cBB |
||